000 00617nam a22001937a 4500
005 20240517125426.0
010 _aENG-140360
020 _a9788171921812
_c350.00
035 _aEN-123892
037 _bDBAD
082 _a551.6
100 _aKulkarni, Deepak
_966346
245 _aThe Sixth Extinction:
_bGlobal Warming, Cimate Change and Sustainability/
_cby Deepak Kulkarni
260 _aMaharashtra
_bDattsons
_c2020
270 _aJawaharlal Nehru Marg, Sadar, Nagpur
_bMaharashtra
_e440001
300 _a78p.
_c21cm.(pb)
700 _aKulkarni, Deepak
_966297
942 _2ddc
_cEN
_h551.6
_mKUL
999 _c202945
_d202945